Medicina interna / (Record no. 61780)

MARC details
000 -LEADER
campo de control de longitud fija 00778nam a2200229 i 4500
001 - NÚMERO DE CONTROL
campo de control 61780
003 - IDENTIFICADOR DE NÚMERO DE CONTROL
campo de control ES-MaACL
005 - FECHA Y HORA DE LA ÚLTIMA TRANSACCIÓN
campo de control 20251003063102.0
007 - CAMPO FIJO DE DESCRIPCIÓN FÍSICA--INFORMACIÓN GENERAL
campo de control de longitud fija t|
008 - DATOS DE LONGITUD FIJA--INFORMACIÓN GENERAL
campo de control de longitud fija 031113s1984 sp a |||| | spa d
100 1# - ENTRADA PRINCIPAL--NOMBRE DE PERSONA
Nombre de persona Farreras Valentí, Pedro,
Fechas asociadas al nombre 1916-1968
9 (RLIN) 48899
245 10 - MENCIÓN DEL TÍTULO
Título Medicina interna /
Mención de responsabilidad, etc. fundado por A.V. Domarus, continuado por P. Farreras Valentí.
250 ## - MENCION DE EDICION
Mención de edición 10ª ed.
Resto de la mención de edición dirigida por Ciril Rozman, Juan García San Miguel.
260 ## - PUBLICACIÓN, DISTRIBUCIÓN, ETC.
Lugar de publicación, distribución, etc. Barcelona :
Nombre del editor, distribuidor, etc. Marín,
Fecha de publicación, distribución, etc. 1984.
300 ## - DESCRIPCIÓN FÍSICA
Extensión 2 v., lám. :
Otras características físicas il. ;
Dimensiones 26 cm.
650 07 - PUNTO DE ACCESO ADICIONAL DE MATERIA--TÉRMINO DE MATERIA
Término de materia o nombre geográfico como elemento de entrada Medicina interna
Fuente del encabezamiento o término embne
9 (RLIN) 14925
700 1# - ENTRADA AGREGADA--NOMBRE PERSONAL
Nombre de persona Domarus, A. V.
9 (RLIN) 45058
700 1# - ENTRADA AGREGADA--NOMBRE PERSONAL
Nombre de persona Rozman, C. (
Fechas asociadas al nombre 1929-)
9 (RLIN) 100259
700 1# - ENTRADA AGREGADA--NOMBRE PERSONAL
Nombre de persona García San Miguel, Juan.
9 (RLIN) 55253
852 ## - LOCALIZACIÓN
Ubicación ES-MaACL
Número de control de estantería L-6214-15
Holdings
Estatus retirado Estado de pérdida Estado de daño No para préstamo Biblioteca de origen Biblioteca actual Ubicación en estantería Fecha de adquisición Fuente de adquisición Total de préstamos Signatura topográfica completa Código de barras Visto por última vez Precio de reemplazo Tipo de ítem Koha
        Biblioteca del Ateneo de Madrid Biblioteca del Ateneo de Madrid Depósito 2 17/01/2008     L-6214-15 1064777 23/02/2023 23/02/2023 Libro impreso